Open Data Biblioteca Nacional de Portugal


República Portuguesa: Ministério da Cultura
Biblioteca Nacional de Portugal

Catálogo da BNP: acesso por Identificadores Unívocos
Registos Bibliográficos associados ao registo de autoridade

Etiqueta de registo: 00000nkm 2200025 450
001 2270916
003 http://id.bnportugal.gov.pt/bib/catbnp/2270916
100 ## $a20260224d1979 m y0pory01030103ba
101 0# $apor
102 ## $aPT
200 1# $aPrimeiro Festival de Folclore do Centro do País, Praça de Touros de Tomar, 8 e 9 junho$bVisual gráfico]$fSociedade Filarmónica Gualdim Pais
210 #9 $aTomar$cSociedade Filarmónica Gualdim Pais,$d1979$e[Tomar] :$g A Gráfica de Tomar
215 ## $a1 cartaz$ccolor.$d69x48,5cm
317 ## $aColeção Madeira Luís
710 02 $aFestival de Folclore do Centro do País$b1$eTomar$f1979$31993995
712 02 $aSociedade Filarmónica Gualdim Pais$c(Tomar, Portugal)$318189
801 #0 $aPT$bBN$gRPC
966 ## $lBN$mICONOG$sCT. 21374 A.$x3
971 ## $cCaticonografia3$d20260224
995 ## $aPRR2026 $d20260224$iCaticonografia3

OpendataBNP@bnportugal.pt | Mais informação sobre acesso aos dados BNP